Responses for Show #7204 - Thursday, December 31, 2015

Alex uses a cane during the closing credits chat.

Contestants

[<< previous game]

Ashley Wilson, an organization development consultant from Alexandria, Virginia

Sandro Marchegiani, a college instructor from Windber, Pennsylvania

Johnny Saunders, a retired convenience store manager from Dallas, Texas (whose 1-day cash winnings total $13,000)

[next game >>]

Jeopardy! Round responses

STATUE-ESQUE WOMEN
THE LEGAL SYSTEM AT WORK
ALSO PART OF A BOOK
DANCE MUSIC
____ OF THE ____
ASIA
    $200 16
Pocahontas

Sandro
    $200 11
the haunted house

Triple Stumper
    $200 1
spine

Sandro
    $200 25
[The end-of-round signal sounds.]

Rihanna

Ashley
    $200 22
Secretary of the Treasury

Sandro
    $200 2
-stan

Ashley
    $400 17
Mayo

Triple Stumper
    $400 12
the astrological chart (or horoscope)

Johnny
    $400 7
a cover

Ashley
    $400 18
Silence of the Lambs

Sandro
    $400 3
Beijing

Ashley
    $600 13
Spike Lee

Ashley
    $2,000 8
binding

Ashley
    $600 23
Right Said Fred

Sandro
    $600 19
"Eye Of The Tiger"

Sandro
    $600 4
the Demilitarized Zone

Sandro
    $800 14
"Barbie Girl"

Ashley
    $800 9
a dedication

Triple Stumper
    $800 24
KC and the Sunshine Band

Johnny
    $800 20
the face of the Earth

Ashley
    $800 5
the Trans-Pacific Partnership

Sandro
    $1000 15
Pringles

Johnny
    $1000 10
a page

Triple Stumper
    $1000 21
(Sandro: What is the, um, Lake... oh... I forgot.)
...
(Alex: Less than a minute now.)

Lake of the Woods

JohnnySandro
    $1000 6
Lake Baikal

Ashley

Scores at the first commercial break (after clue 15):

Johnny Sandro Ashley
$1,400 $1,600 $5,400

Scores at the end of the Jeopardy! Round:

Johnny Sandro Ashley
$3,200 $2,600 $6,400

Double Jeopardy! Round responses

THE EMPIRE HAS FALLEN
ENVIRONMENTAL SCIENCE
1940s FICTION
DANIEL DAY-LEWIS ON FILM
COINAGE
TOP "TEN"
    $400 18
the British Empire

Johnny
    $400 25
(Ashley: What is [*] agriculture?)

sustainable

Ashley
    $400 3
The Fountainhead

Sandro
    $400 20
(Mount) Everest

Sandro
    $400 14
tentacles

Sandro
    $800 19
Alexander the Great

Johnny
    $800 26
biodegradable

Ashley
    $2,600 1
The Plague

Sandro
    $800 9
My Left Foot

Sandro
    $800 21
Pope John Paul II

Sandro
    $800 8
tenure

Sandro
    $1200 16
the Ottoman

Johnny
    $1200 27
coal

Johnny
    $1200 2
My Lovely

Johnny
    $1200 10
Gangs of New York

Triple Stumper
    $1200 22
a pearl

Ashley
    $1200 7
Tenors

Ashley
    $1600 15
the Hittite Empire

Triple Stumper
    $1600 28
methane emissions

Triple Stumper
    $1600 4
Richard Wright

Johnny
    $1600 11
The Age of Innocence

Triple Stumper
    $3,000 23
New Zealand

Ashley
    $1600 6
a tenderizer

Ashley
    $2000 17
the Byzantine Empire

Triple Stumper
    $2000 29
[The end-of-round signal sounds.]

barrier islands

Ashley
    $2000 5
All the King's Men

Sandro
    $2000 12
(Alex: They get tougher as you go down.)

In the Name of the Father

Triple Stumper
    $2000 24
(Alex: Minute to go now.)

Dolley Madison

Ashley
    $2000 13
a tendril

Ashley

Scores at the end of the Double Jeopardy! Round:

Johnny Sandro Ashley
$9,600 $10,800 $20,600

[wagering suggestions for these scores]

Final Jeopardy! Round responses

AFRICAN ANIMALS
(Alex: The sound the wildebeest makes is a lot like that. [Grunts] [*]. [Normal voice] [*].)
JohnnyWhat
$9,600
SandroWhat is kudu?
$9,801
AshleyWhat is a gnu?
$1,001
a gnu

Final scores:

Johnny Sandro Ashley
$0 $999 $21,601
3rd place: $1,000 2nd place: $2,000 New champion: $21,601

Game dynamics:

Coryat scores:

Johnny Sandro Ashley
$9,600 $9,000 $17,800
10 R,
0 W
16 R
(including 1 DD),
1 W
18 R
(including 2 DDs),
0 W

Combined Coryat: $36,400

[game clues] [game scores] [suggest correction]

Game tape date: 2015-12-02
The J! Archive is created by fans, for fans. Scraping, republication, monetization, and malicious use prohibited; this site may use cookies and collect identifying information. See terms. The Jeopardy! game show and all elements thereof, including but not limited to copyright and trademark thereto, are the property of Jeopardy Productions, Inc. and are protected under law. This website is not affiliated with, sponsored by, or operated by Jeopardy Productions, Inc. Join the discussion at JBoard.tv.